| 000 | 00447nam a22001937a 4500 | ||
|---|---|---|---|
| 005 | 20260207163301.0 | ||
| 008 | 260207b |||||||| |||| 00| 0 eng d | ||
| 020 |
_a9781394195084 _c6442.40 |
||
| 040 | _aMAIN | ||
| 041 | _aEnglish | ||
| 082 |
_a560 _bBEN |
||
| 100 |
_aBenton, Michael J. _920567 |
||
| 245 | _aVertebrate Paleontology | ||
| 250 | _a5th | ||
| 260 |
_bWiley _c2024 |
||
| 300 | _a660 | ||
| 650 |
_aGeology _91039 |
||
| 942 | _cBK | ||
| 999 |
_c60279 _d60279 |
||